00722nam a22002417a 4500001000700000003000900007005001700016007000700033008003500040020001500075040002200090092001500112245005900127260002900186300002700215500004500242910001000287942001200297945002800309952010400337956002400441999001500465000205DO-SdBNP20180226133631.0000205151210b 1986 sp a 00| 0 spa d a8476401140 aBPMSUbspacBPMSU axxxxbxxxx00aCon todo el corazón /cilustraciones Nicoletta Costa aMadrid ; bEdaf, c1986. a[24] p.;bil.c22 cm.  aLibro infantil de hojas de cartón duro a00144 2ddccBK ainventariado, 2018 / dg 00102ddc4070aBPMETbBPMETd2016-03-28eDonaciónl0pBPMSU16030282r2016-03-28w2016-03-28yBK aYngrid Lockwardb10 c9401d9401